Фильмы с Дэниелом Рэдклиффом - Армагеддон - Statistics

General Stats
  • This quiz has been taken 22 times
  • The average score is 5 of 15
Answers on the Grid
Answers color-coded by a green-red scale on the quiz's grid according to % correct below.
Виктор Франкенштейн
Зверофабрика
Только спокойствие
Переломный момент
Хорошее время
Абсолютная власть
Записки юного врача
Чудотворцы
Стук в дверь
Солнцестояние
Джунгли
Слово на букву "F"
Дитя человеческое
Человек-швейцарский нож
Ампир V
Колония Дигнидад
Зал самоубийц
История странного Эла
Декабрьские мальчики
Рога
Тихое место
Женщина в чёрном
Хулиганы Зелёной улицы
Области тьмы
Пушки Акимбо
Человек ноября
Побег из Претории
Убей своих любимых
1917
Хижина в лесу
 
Answer Stats
Answer % Correct
Виктор Франкенштейн
67%
Человек-швейцарский нож
62%
Записки юного врача
43%
Чудотворцы
38%
Джунгли
38%
Рога
38%
Пушки Акимбо
38%
Побег из Претории
38%
Декабрьские мальчики
24%
Женщина в чёрном
24%
Абсолютная власть
19%
История странного Эла
19%
Переломный момент
14%
Убей своих любимых
14%
Слово на букву "F"
10%
No matching quizzes found
Score Distribution
Percent of People with Each Score
Percentile by Number Answered
Your Score History
You have not taken this quiz